Composite Materials: science and applications ; Functional materials for modern technologies (Record no. 276685)
[ view plain ]
| 000 -LEADER | |
|---|---|
| fixed length control field | 00371 a2200121 4500 |
| 001 - CONTROL NUMBER | |
| control field | 41612 |
| 082 ## - DEWEY DECIMAL CLASSIFICATION NUMBER | |
| Classification number | 624.11821CHU |
| 090 ## - LOCALLY ASSIGNED LC-TYPE CALL NUMBER (OCLC); LOCAL CALL NUMBER (RLIN) | |
| -- | 25752 |
| -- | 25752 |
| 100 ## - MAIN ENTRY--PERSONAL NAME | |
| Personal name | Chung Deborah D. L. |
| 245 ## - TITLE STATEMENT | |
| Title | Composite Materials: science and applications ; Functional materials for modern technologies |
| Statement of responsibility, etc. | Deborah |
| 260 ## - PUBLICATION, DISTRIBUTION, ETC. | |
| Place of publication, distribution, etc. | London |
| Name of publisher, distributor, etc. | Springer |
| Date of publication, distribution, etc. | 2002 |
| 650 ## - SUBJECT ADDED ENTRY--TOPICAL TERM | |
| Topical term or geographic name entry element | Functional materials |
| 942 ## - ADDED ENTRY ELEMENTS (KOHA) | |
| Institution code [OBSOLETE] | NUST-CAE |
| Call number prefix | 624.11821CHU |
| Withdrawn status | Lost status | Damaged status | Not for loan | Collection code | Permanent Location | Current Location | Date acquired | Total Checkouts | Full call number | Barcode | Date last seen | Price effective from | Koha item type |
|---|---|---|---|---|---|---|---|---|---|---|---|---|---|
| College of Aeronautical Engineering (CAE) | College of Aeronautical Engineering (CAE) | 04/03/2017 | 624.11821CHU | CAEN-3445 | 04/05/2017 | 04/05/2017 | Book | ||||||
| College of Aeronautical Engineering (CAE) | College of Aeronautical Engineering (CAE) | 04/03/2017 | 624.11821CHU | CAEN-4315 | 04/05/2017 | 04/05/2017 | Book |
